000 01081cab a2200229 4500
001 WB2738-13
008 090401t1991 xxu||||| |||| 00| 0 eng d
035 _a(Sirsi) u1497
041 _aeng
245 _aLevel of costs security is discretionary
260 _c1991
350 _a0
490 _aChartered Surveyor Weekly
_v37(1) 3 October 1991, 47(1)
520 _a"Roburn Construction Ltd v William Irwin (South) & Co Ltd", CA 3 July 1991, is a case between a labour-only subcontractor and a main contractor, which confirms that where there was reason to believe that a plaintiff company would be unable to pay the defendants` costs in the event of the plaintiff succeeding, the court had a discretion over security for costs, which ought not to be hampered by any special rules and which should be exercised having regard to all the circumstances of the case.
650 _aCLAIMS
650 _aCOMPANIES ACT 1985 S726
650 _aSECURITY FOR COSTS
650 _aSUBCONTRACTORS
690 _aBUILDING AND CONSTRUCTION-CASE LAW
942 _n0
948 _c04/03/1997
999 _c837
_d837